L'enjeu Machiavel (Record no. 43467)
[ view plain ]
| 000 -LEADER | |
|---|---|
| fixed length control field | 00699 a2200229 4500 |
| 005 - DATE AND TIME OF LATEST TRANSACTION | |
| control field | 20160609163556.0 |
| 008 - FIXED-LENGTH DATA ELEMENTS--GENERAL INFORMATION | |
| fixed length control field | 100803t xxu||||| |||| 00| 0 eng d |
| 020 ## - NUMERO INTERNATIONAL NORMALISE DES LIVRES | |
| International Standard Book Number | 2 13 051461 8 |
| 040 ## - SOURCE DU CATALOGAGE | |
| Original cataloging agency | BUAC |
| 041 ## - CODE DE LANGUE | |
| Language code of text/sound track or separate title | Fr. |
| 082 ## - DEWEY DECIMAL CLASSIFICATION NUMBER | |
| Classification number | 140 |
| 100 ## - VEDETTE PRINCIPALE - NOM DE PERSONNE | |
| Personal name | Sfez, Gérald |
| 9 (RLIN) | 7840 |
| 245 ## - TITLE STATEMENT | |
| Title | L'enjeu Machiavel |
| Statement of responsibility, etc | sous la dir. Gérald Sfez ; Michel Senellart |
| 260 ## - PUBLICATION, DISTRIBUTION, ETC. (IMPRINT) | |
| Place of publication, distribution, etc | Paris |
| Name of publisher, distributor, etc | Presses Universitaires de France |
| Date of publication, distribution, etc | 2001 |
| 300 ## - PHYSICAL DESCRIPTION | |
| Extent | 245p |
| Dimensions | 22 cm. |
| 440 ## - SERIES STATEMENT/ADDED ENTRY--TITLE | |
| Title | (Collection Librairie du Collège Internationl de Philosophie) |
| 9 (RLIN) | 7841 |
| 630 ## - SUBJECT ADDED ENTRY--UNIFORM TITLE | |
| Uniform title | PHILOSOPHIE |
| 9 (RLIN) | 7842 |
| 650 ## - SUBJECT ADDED ENTRY--TOPICAL TERM | |
| Topical term or geographic name as entry element | Philosophie : machéavelisme |
| 9 (RLIN) | 7843 |
| 700 ## - ADDED ENTRY--PERSONAL NAME | |
| Personal name | Senellart, Michel |
| Titles and other words associated with a name | Collab. |
| 9 (RLIN) | 7844 |
| 942 ## - ADDED ENTRY ELEMENTS (KOHA) | |
| Koha item type | Livre |
| Withdrawn status | Lost status | Damaged status | Not for loan | Location (home branch) | Sublocation or collection (holding branch) | Date acquired | Source of acquisition | Koha issues (times borrowed) | Koha full call number | Koha date last seen | Copy number | Price effective from | Koha item type |
|---|---|---|---|---|---|---|---|---|---|---|---|---|---|
| Bibliothèque Universitaire Centrale | Bibliothèque Universitaire Centrale | AUF | 140 ENJ | 16/07/2010 | 1 | 16/07/2010 | Livre | ||||||
| Bibliothèque Universitaire Centrale | Bibliothèque Universitaire Centrale | AUF | 140 ENJ | 16/07/2010 | 2 | 16/07/2010 | Livre | ||||||
| Bibliothèque Universitaire Centrale | Bibliothèque Universitaire Centrale | AUF | 140 ENJ | 16/07/2010 | 3 | 16/07/2010 | Livre |